| 000 | 00678nam a2200241Ia 4500 | ||
|---|---|---|---|
| 999 |
_c49648 _d49648 |
||
| 001 | 16580 | ||
| 003 | GE_BSU | ||
| 005 | 20250203163813.0 | ||
| 008 | 181216s2005||||enk|||||||||||||| ||eng|| | ||
| 020 | _a9781405820097 | ||
| 040 | _cGE_BSU | ||
| 080 | _a811.111(075.8) C-59 | ||
| 100 |
_aClare, Antonia, Wilson, J. J. _924231 |
||
| 245 |
_aTotal English : Pre-intermediate (with key) (CD) / _cAntonia Clare, J. J. Wilson. |
||
| 264 |
_aHarlow : _bPearson /Longman _c2005. |
||
| 300 |
_a96 p. ; _c29 cm. |
||
| 541 | _h5ლ. | ||
| 653 | _aPre-Intermediate | ||
| 653 | _aTotal English | ||
| 653 | _aWorkbook | ||
| 700 |
_aWilson, J.J. _cauthor _924232 |
||
| 942 |
_cBK _2udc |
||